Rasy Psów - Statystyki

Ogólne statystyki
  • Ten quiz został rozwiązany 45 razy
    14 od ostatniego zresetowania
  • Średni wynik to 12 z 17
Statystyki odpowiedzi
Obrazkowy Odpowiedź % Poprawnych
Beagle
90%
Corgi
90%
Mops
90%
Dalmatyńczyk
80%
Golden Retriever
80%
Husky
80%
Maltańczyk
80%
Owczarek Niemiecki
80%
Pudel
80%
Labrador
70%
Yorkshire Terrier (York)
70%
Owczarek Szkocki
60%
Samoyed
60%
Szpic Miniaturowy
60%
Buldog Francuski
50%
Owczarek Szetlandzki (Sheltie)
30%
West Higland White Terrier
30%
Nie znaleziono quizów pasujących do podanych kryteriów
Rozkład punktacji
Procent ludzi z każdym wynikiem
Percentyl według liczby udzielonych odpowiedzi
Twoja historia wyników
Nie rozwiązałeś tego quizu od ostatniego zresetowania